000 00558nam a22001817a 4500
005 20251108170452.0
008 250721s1991 xx 000 0 ara d
082 1 4 _a616.95/فاخ
100 1 _aفاخوري، سبيرو
245 1 0 _aالأمراض المتناقلة عبر الجنس /
264 1 _aبيروت :
_bدار العلم للملايين،
_c1991.
300 _a271ص
650 1 7 _aالأمراض التناسلية
650 1 7 _aالسيلان (مرض)
650 1 7 _aالأمراض المعدية
942 _2ddc
_cBK
999 _c41241
_d41241